000 00259nam a2200109Ia 4500
008 190216s9999||||xx |||||||||||||| ||und||
100 _aErle Stanley G
245 4 _aThe Case Of Thelazy Lover
260 _bBallantine Books
650 _aMalayalam
942 _cBK
999 _c13296
_d13296